Análisis Matemático 1

Bibliographic Details
Main Author: Cuba, Ministerio de Educación Superior
Format: Section = Libro
Language:Undetermined
Spanish
Published: [s.l.] [s.e.] [s.f.]
Subjects:
LEADER 00434nam a2200169Ia 4500
008 240830s9999 xx 000 0 und d
040 |a B-ESTELÍ- RUACS / 515 C492 
041 |a spa 
082 |a 515 C492 
100 1 |a Cuba, Ministerio de Educación Superior 
245 1 0 |a Análisis Matemático 1 
260 |a [s.l.]  |b [s.e.]  |c [s.f.] 
300 |a 267 p. 
650 7 |a ANALISIS MATEMATICO 
942 |c BK  |2 ddc 
991 |a TEXTO 
999 |c 10926